Los Derechos Humanos en 1993

Sábháilte in:
Sonraí bibleagrafaíochta
Formáid: Téacs
Clibeanna: Cuir clib leis
Níl clibeanna ann, Bí ar an gcéad duine le clib a chur leis an taifead seo!

MARC

LEADER 00000 a a2200000 04500
001 5818
003
040
245 |a Los Derechos Humanos en 1993  
773 |g volumen 14, número 593; páginas 33-39  
999 |c 37020  |d 37020